| 000 | 00000nam 2200000zi 4500 |
| 001 | 9.918659 |
| 003 | CaOODSP |
| 005 | 20230428105408 |
| 006 | m o d f |
| 007 | cr ||||||||||| |
| 008 | 221222t20232023oncd ob f000 0 eng d |
| 020 | |a9780660468303 |
| 040 | |aCaOODSP|beng|erda|cCaOODSP |
| 043 | |an-cn--- |
| 086 | 1 |aH14-428/2023E-PDF |
| 245 | 00|aChildhood vaccination marketing campaign survey 2022 : |breport / |cprepared for Health Canada. |
| 264 | 1|aOttawa, Ontario : |bHealth Canada = Santé Canada, |c2023. |
| 264 | 4|c©2023 |
| 300 | |a1 online resource (84 pages) : |bgraphs + |esummary (9 pages) |
| 336 | |atext|btxt|2rdacontent |
| 337 | |acomputer|bc|2rdamedia |
| 338 | |aonline resource|bcr|2rdacarrier |
| 500 | |aIssued also in French under title: Sondage 2022 pour l’élaboration de la campagne de vaccination des enfants : rapport. |
| 500 | |a"Supplier: Ekos Research Associates Inc." |
| 500 | |a"Contract Number: CW2238744." |
| 500 | |a"Registration Number: POR 030-22." |
| 500 | |a"February 2023." |
| 504 | |aIncludes bibliographical references. |
| 650 | 0|aVaccination of children|zCanada|xPublic opinion. |
| 650 | 0|aParents|zCanada|xAttitudes. |
| 650 | 0|aPregnant women|zCanada|xAttitudes. |
| 650 | 0|aPublic opinion|zCanada. |
| 710 | 1 |aCanada. |bHealth Canada, |eissuing body. |
| 710 | 2 |aEkos Research Associates, |econsultant. |
| 775 | 08|tSondage 2022 pour l’élaboration de la campagne de vaccination des enfants : |w(CaOODSP)9.918663 |
| 856 | 40|qPDF|s1.29 MB|uhttps://publications.gc.ca/collections/collection_2023/sc-hc/H14-428-2023-eng.pdf|zReport |
| 856 | 40|qPDF|s413 KB|uhttps://publications.gc.ca/collections/collection_2023/sc-hc/H14-428-2023-1-eng.pdf|zSummary |